000 00854am a2200277a 44500
003 AR-BaBNM
005 20251128210854.0
008 061020s1994 #AR|||||||||||000 | spa||
020 _a950-529-031-4
040 _cAR-BaBNM
245 1 0 _aGuía de educación vial para docentes
_bcontenidos, metodologías, planificaciones, calendarios : nivel preescolar - nivel primario
260 _aBuenos Aires
_bSaint Claire Editora
_bAutomovil Club Argentino
_c1994
300 _a80 p.
_bil., tablas
650 4 _aEDUCACION URBANA
650 4 _aGUIA DEL DOCENTE
650 4 _aMATERIAL DIDACTICO
650 4 _aPLANIFICACION
651 4 _aArgentina
653 _aEDUCACION PRIMARIA
653 _aEDUCACION INICIAL
653 _aEDUCACION VIAL
653 _aCONTENIDOS CURRICULARES
653 _aTEMAS TRANSVERSALES
942 _cBK
998 _cRAQUEL
999 _c17254
_d17254